Imagen fotográfica (Registro nro. 44361)

Detalles MARC
000 -ENCABEZADO
Número de control [NR] 01105cam a2200277 a 4500
005 - FECHA Y HORA DE LA ÚLTIMA TRANSACCIÓN
control field 20211110134245.0
008 - DE LONGITUD FIJA DE DATOS DE ELEMENTOS - INFORMACIÓN GENERAL
Elementos de longitud fija [NR] 170213s2004 ck ao fr 000 0 spa d
015 ## - NUMERO DE BIBLIOGRAFIA NACIONAL [R]
Número de bibliografía nacional [R] SSS
020 ## - NUMERO INTERNACIONAL NORMALIZADO PARA LIBROS [R]
Número Internacional Normalizado del libro [NR] 9586600882
020 ## - NUMERO INTERNACIONAL NORMALIZADO PARA LIBROS [R]
Número Internacional Normalizado del libro [NR] 9789586600880
035 ## - NUMERO DE CONTROL DEL SISTEMA [R]
Número de control del sistema [NR] (Sirsi) a682869
040 ## - FUENTE DE CATALOGACION [NR]
Agencia de catalogación original [NR] Co-BoUCM
Idioma de catalogación [NR] spa
Quien Cataloga Saul Niño
Quien Clasifica Saul Niño
041 0# - CODIGO DE IDIOMA [R]
Código de idioma para texto/pista de sonido o título separado [R] Español
100 1# - ASIENTO PRINCIPAL--NOMBRE PERSONAL [NR]
Nombre personal [NR] Avila A., Roberto
Fechas asociadas con el nombre [NR] 1963-
ID Autoridad 84027
245 10 - MENCION DE TITULO [NR]
Título [NR] Imagen fotográfica
Parte restante del título [NR] las primeras décadas de fotografía en Tunja
Mención de responsabilidad, etc. [NR] Roberto Avila A.
260 ## - PUBLICACION, DISTRIBUCION, ETC. (PIE DE IMPRENTA) [R]
Lugar de publicación, distribución, etc. [R] Tunja (Boyacá, Colombia)
Nombre del editor, distribuidor, etc. [R] Universidad Pedagógica y Tecnológica de Colombia,
Fecha de publicación, distribución, etc. [R] 2004
300 ## - DESCRIPCION FISICA [R]
Extensión [R] 184 páginas
Otros detalles físicos [NR] ilustraciones, fotografías
504 ## - NOTA DE BIBLIOGRAFIA, ETC. [R]
Nota de bibliografía, etc. [NR] Incluye referencias bibliográficas
650 #7 - ASIENTO SECUNDARIO DE MATERIA - TERMINO TEMATICO [R]
Término temático o nombre geográfico como elemento de entrada [NR] Fotografía
Subdivisión general [R] Historia
Subdivisión cronológica [R] Siglos XIX-XX
Subdivisión geográfica [R] Tunja (Colombia)
9 (RLIN) 16080
650 #7 - ASIENTO SECUNDARIO DE MATERIA - TERMINO TEMATICO [R]
Término temático o nombre geográfico como elemento de entrada [NR] Imágenes fotograficas
Subdivisión general [R] Historia
Subdivisión cronológica [R] Siglos XIX-XX
Subdivisión geográfica [R] Tunja (Colombia)
9 (RLIN) 84028
650 #7 - ASIENTO SECUNDARIO DE MATERIA - TERMINO TEMATICO [R]
Término temático o nombre geográfico como elemento de entrada [NR] Arte y fotografía
9 (RLIN) 9525
651 #4 - ASIENTO SECUNDARIO DE MATERIA - NOMBRE GEOGRAFICO [R]
Nombre geográfico [NR] Tunja (Colombia)
Subdivisión general [R] Historia
Subdivisión cronológica [R] Siglos XIX-XX
Subdivisión de forma [R] fotografías
9 (RLIN) 84029
690 #0 - ASUNTO AGREGADO LOCAL DE ENTRADA - TÉRMINO TEMÁTICO (OCLC, RLIN)
Acceso temático local Arte
9 (RLIN) 9444
942 ## - ELEMENTOS DE ENTRADA AGREGADOS (KOHA)
Sistema de clasificación DEWEY
Tema principal Arte
Tipo de ítem principal el descrito en 300a Libro
Edición 1
Clasificación 770.986137
Parte restante de la signatura top. A958im
Existencias
Fecha de último préstamo Total préstamos Total Renewals Signatura topográfica Código de barras Última vez visto Ejemplar Price effective from Tipo de ítem Nota pública (OPAC) Perdido Sistema de clasificación Dañado No prestable Tipo de ítem específico Suprimido Ubicación habitual Ubicación actual Localización Fecha de creación Forma de adquisición Costo
31/01/2018 2 2 770.986137 A958im 100069611 05/12/2025 Ej.1 03/02/2013 Libro Spot Artes Visuales   DEWEY     Libro   Claustro Claustro Mezanine 28/02/2004 Donación 26000.00